000 00810nam a2200229 i 4500
003 DO-SdBNP
005 20240118142355.0
006 a||||gr|||| 00| 0
007 ta
008 240118e1959 dr ||||| |||| 00| 0 spa d
040 _aDO-SdBNP
_bspa
_cBNPHU
_erda
082 4 _222
_bM935L
100 1 _aMejía Soliere, Luis F.,
_d1892-1971
_944947
_eautor
245 0 0 _aMovimiento de la Liberación Dominicana :
_bseñores representantes de la organización de Estados Americanos.
_cLuis F. Mejía, Guaroa Velazquez
264 _aWashington D. C. :
_bMovimiento de Liberación Dominicana,
_c1959
300 _a3 hojas ;
_c33 cm.
336 _2rdacontent
_atexto
_btxt
337 _2rdamedia
_asin mediación
_bn
338 _2rdacarrier
_avolumen
_bnc
700 1 _aVelázquez, Guaroa,
_956301
_eautor
942 _2ddc
_cLF2
999 _c55731
_d55731